Безліч цікавого для дітей царя (Запис № 17320)

000 -Маркер запису
Контрольне поле сталої довжини 01078nam a22002537a 4500
003 - Належність контрольного номера
Контрольне поле Uzh_bibl
008 - Кодовані дані
Контрольне поле сталої довжини 260414b |||||||| |||| 00| 0 ukr d
020 ## - Індекс ISBN
ISBN 978-966--2089-49-3
Ціна 15.00
040 ## - Джерело каталогіз.
Код мови каталог. укр.
041 ## - Код мови видання
Код мови оригіналу українська
Код мови тексту українська
080 ## - Індекс УДК
Індекс УДК 2
090 ## - Шифри
Поличний індекс 2
Авторський знак Т30
100 ## - Автор
Автор Тейлор, Кеннет
245 ## - Назва
Назва Безліч цікавого для дітей царя
Відповідальність Пер.В.Новомирової
Фізичний носій Текст
260 ## - Вихідні дані
Місце видання Київ
Видавництво "Світло на Сході"
Дата видання 2010
300 ## - Фізичний опис
Обсяг 112 с.
Тип одиниці В опр.
520 ## - Анотація
Анотація Унелегкій та доспупній формі книга знайомить дітейй їз головними засадами християнської віри.
521 ## - Примітка про цільове призначення
Примітка про цільове призначення Для широкого кола читачів
546 ## - Примітка про мову
Примітка про мову укр.
650 ## - Тематичні рубрики
Основна рубрика Релігійне видання
653 ## - Ключові слова
Ключові слова Існує тільки один Бог
-- Звідки походить Бог
-- Навіщо Бог створив людину
655 ## - Термін індексування — жанр/форма
Жанр/форма Релігійна література
Типове ділення -
942 ## - ADDED ENTRY ELEMENTS (KOHA)
Джерело класифікації чи схема поличного розташування
Koha item type Книги
Фонди
Статус вилучення Статус втрати/відсутності Джерело класифікації чи схема поличного розташування Статус пошкодження Тип обігу (не для випозичання) Постійне розташування Поточне розташування Розташування у відділі Дата надходження Інвентарний номер Total Checkouts Повний (примірниковий) шифр зберігання Штрих-код Date last seen Дата, для якої чинна ціна заміни Тип одиниці (рівень примірника)
          Бібліотека-філія №2 Бібліотека-філія №2 Абонемент молодший відділ 14/04/2026 59902   2 19713 14/04/2026 14/04/2026 Книги

Працює на АБІС Коха